Serving notices during a postal dispute (Record no. 15099)

MARC details
000 -LEADER
fixed length control field 01024cab a2200193 4500
001 - CONTROL NUMBER
control field ABS40251
008 - FIXED-LENGTH DATA ELEMENTS--GENERAL INFORMATION
fixed length control field 090401t1988 xxu||||| |||| 00| 0 eng d
035 ## - SYSTEM CONTROL NUMBER
System control number (Sirsi) u22531
041 ## - LANGUAGE CODE
Language code of text/sound track or separate title eng
100 ## - MAIN ENTRY--PERSONAL NAME
Personal name Malone, M.
245 ## - TITLE STATEMENT
Title Serving notices during a postal dispute
260 ## - PUBLICATION, DISTRIBUTION, ETC.
Date of publication, distribution, etc. 1988
350 ## - PRICE (NR) (BK AM CF MU VM SE) [OBSOLETE]
Price 0
490 ## - SERIES STATEMENT
Series statement Law Society`s Gazette
Volume/sequential designation 85(43) 23 November 1988, 19-23(3)
520 ## - SUMMARY, ETC.
Summary, etc. Discusses the legal issues raised in relation to the service of notices by or on behalf of landlords and tenants of business premises during a postal dispute . Examines the implications if there is a total stoppage, delays in delivery and establishing the date of service of a notice. Concludes that although legislation relating to the service of notices is often confusing, most practitioners agree that correctly addressed notices sent by registered/recorded post are deemed to be served on the day following the date of posting.
690 ## - LOCAL SUBJECT ADDED ENTRY--TOPICAL TERM (OCLC, RLIN)
Topical term or geographic name as entry element LANDLORD AND TENANT-BUSINESS TENANCIES
942 ## - ADDED ENTRY ELEMENTS (KOHA)
Suppress in OPAC 0
948 ## - LOCAL PROCESSING INFORMATION (OCLC); SERIES PART DESIGNATOR (RLIN)
c (OCLC) 04/03/1997
Holdings
Withdrawn status Lost status Source of classification or shelving scheme Damaged status Not for loan Home library Current library Shelving location Date acquired Total Checkouts Full call number Barcode Date last seen Copy number Price effective from Koha item type
    Dewey Decimal Classification     London London Journal article 14/09/1999   ABS40251 22531-1001 06/08/2019 1 06/08/2019 Journal article